| 000 | 00687nam a2200181 a 4500 | ||
|---|---|---|---|
| 008 | 120416s1983 ||||||||||||||||| || u | ||
| 020 | _a090543532x | ||
| 050 | _aHG 4014 Bro | ||
| 100 | _aBrockington, Raymond | ||
| 245 | 1 | 0 | _aFinancial management: an instructional manual for business and accountancy students |
| 250 | _a3rd ed. | ||
| 260 |
_aHants _bD.P. Publications _c1983 |
||
| 300 | _avi, 554p. : ill. | ||
| 350 | _a0.00 | ||
| 650 | 0 | _aFINANCE--DEVELOPING COUNTRIES | |
| 650 | _aCORPORATIONS--FINANCE--HANDBOOKS, MANUALS, ETC | ||
| 995 |
_D0.00 _FCBU-MAIN LIBRARY (Kitwe) _H1 _I5.50 _M1 _UDAMAGED _ZMain Library Open Access Collection |
||
| 999 |
_c43383 _d43383 |
||